<?xml version="1.0" encoding="UTF-8"?>
<record
    xmlns:xsi="http://www.w3.org/2001/XMLSchema-instance"
    xsi:schemaLocation="http://www.loc.gov/MARC21/slim http://www.loc.gov/standards/marcxml/schema/MARC21slim.xsd"
    xmlns="http://www.loc.gov/MARC21/slim">

  <leader>00645nam a22002057a 4500</leader>
  <controlfield tag="003">0</controlfield>
  <controlfield tag="005">20160609164936.0</controlfield>
  <controlfield tag="008">090427t        xxu||||| |||| 00| 0 eng d</controlfield>
  <datafield tag="020" ind1=" " ind2=" ">
    <subfield code="a">2-10-005520-8</subfield>
  </datafield>
  <datafield tag="037" ind1=" " ind2=" ">
    <subfield code="a">15044</subfield>
  </datafield>
  <datafield tag="040" ind1=" " ind2=" ">
    <subfield code="b">Fran&#xE7;ais</subfield>
    <subfield code="c">EPAC</subfield>
  </datafield>
  <datafield tag="082" ind1=" " ind2=" ">
    <subfield code="a">631.4/G518s</subfield>
  </datafield>
  <datafield tag="100" ind1=" " ind2=" ">
    <subfield code="a">GIRARD , Michel-Claude</subfield>
    <subfield code="9">345</subfield>
  </datafield>
  <datafield tag="245" ind1=" " ind2=" ">
    <subfield code="a">Sols et Environnements : Cours , exercices et &#xE9;tudes de cas</subfield>
  </datafield>
  <datafield tag="260" ind1=" " ind2=" ">
    <subfield code="a">Paris</subfield>
    <subfield code="b">Dunod</subfield>
    <subfield code="c">2005</subfield>
  </datafield>
  <datafield tag="300" ind1=" " ind2=" ">
    <subfield code="a">XVI-816p</subfield>
    <subfield code="c">24cm</subfield>
  </datafield>
  <datafield tag="650" ind1=" " ind2=" ">
    <subfield code="a">DEGRADATION POLLUTION RECYCLAGE ACIDIFICATION</subfield>
    <subfield code="9">346</subfield>
  </datafield>
  <datafield tag="710" ind1=" " ind2=" ">
    <subfield code="a">WALTER , Christian ; REMY , Jean-Claude ; BERTHELIN , Jacques ; MOREL , Jean-Louis</subfield>
    <subfield code="9">347</subfield>
  </datafield>
  <datafield tag="942" ind1=" " ind2=" ">
    <subfield code="c">LIVR</subfield>
  </datafield>
  <datafield tag="999" ind1=" " ind2=" ">
    <subfield code="c">46062</subfield>
    <subfield code="d">46062</subfield>
  </datafield>
  <datafield tag="952" ind1=" " ind2=" ">
    <subfield code="0">0</subfield>
    <subfield code="1">0</subfield>
    <subfield code="4">0</subfield>
    <subfield code="7">0</subfield>
    <subfield code="a">BEPAC</subfield>
    <subfield code="b">BEPAC</subfield>
    <subfield code="d">2008-10-28</subfield>
    <subfield code="e">Achat</subfield>
    <subfield code="g">23616.00</subfield>
    <subfield code="l">0</subfield>
    <subfield code="o">631.4/G518s</subfield>
    <subfield code="p">15045EPAC</subfield>
    <subfield code="r">2009-04-27 00:00:00</subfield>
    <subfield code="t">2</subfield>
    <subfield code="w">2009-04-27</subfield>
    <subfield code="y">LIVR</subfield>
    <subfield code="z">Exclu du pr&#xEA;t</subfield>
  </datafield>
  <datafield tag="952" ind1=" " ind2=" ">
    <subfield code="0">0</subfield>
    <subfield code="1">0</subfield>
    <subfield code="4">0</subfield>
    <subfield code="7">0</subfield>
    <subfield code="a">BEPAC</subfield>
    <subfield code="b">BEPAC</subfield>
    <subfield code="d">2008-10-28</subfield>
    <subfield code="e">Achat</subfield>
    <subfield code="g">23616.00</subfield>
    <subfield code="l">0</subfield>
    <subfield code="o">631.4/G518s</subfield>
    <subfield code="p">15044EPAC</subfield>
    <subfield code="r">2009-04-27 00:00:00</subfield>
    <subfield code="t">2</subfield>
    <subfield code="w">2009-04-27</subfield>
    <subfield code="y">LIVR</subfield>
    <subfield code="z">Pr&#xEA;t &#xE0; domicile</subfield>
  </datafield>
  <datafield tag="952" ind1=" " ind2=" ">
    <subfield code="0">0</subfield>
    <subfield code="1">0</subfield>
    <subfield code="4">0</subfield>
    <subfield code="7">0</subfield>
    <subfield code="a">BEPAC</subfield>
    <subfield code="b">BEPAC</subfield>
    <subfield code="d">2008-10-28</subfield>
    <subfield code="g">23616.00</subfield>
    <subfield code="l">0</subfield>
    <subfield code="o">333.7/G518s</subfield>
    <subfield code="p">14966EPAC</subfield>
    <subfield code="r">2009-05-04 00:00:00</subfield>
    <subfield code="t">3</subfield>
    <subfield code="w">2009-05-04</subfield>
    <subfield code="y">LIVR</subfield>
    <subfield code="z">Exclu du pr&#xEA;t</subfield>
  </datafield>
</record>
